| 000 | 00818nam a2200277 i 4500 | ||
|---|---|---|---|
| 001 | 82093 | ||
| 003 | ES-MaACL | ||
| 005 | 20250822035136.0 | ||
| 007 | t| | ||
| 008 | 041122s2004 sp ||||1| spa d | ||
| 020 | _a84-7584-519-3 | ||
| 080 | _a615.851.1 | ||
| 080 | _a159.922.1 | ||
| 100 | 1 |
_aFrigola, Carlos. _952664 |
|
| 245 | 1 | 0 |
_aPrimeros auxilios emocionales _b: la revolución sexual para el siglo XXI y el legado de Wilhelm Reich. |
| 250 | _a1ª ed. | ||
| 260 |
_aBarcelona : _bLaertes, _c2004. |
||
| 300 |
_a253 p. ; _c20 cm. |
||
| 490 | 1 |
_aLaertes ; _v89 |
|
| 504 | _aBibliografía: p. 243-253. | ||
| 650 | 1 | 4 |
_aPsicoanálisis. _916530 |
| 650 | 7 |
_aPsicología sexual _2embne _916572 |
|
| 830 | 0 |
_aLaertes ; _v89 _9184304 |
|
| 852 |
_aES-MaACL _jL-28519 _bR.134288 |
||
| 999 |
_c82093 _d82093 |
||